| 000 | 00910nam a2200229Ia 4500 | ||
|---|---|---|---|
| 003 | Ost | ||
| 005 | 20260507075803.0 | ||
| 008 | 260507s9999||||xx |||||||||||||| ||und|| | ||
| 020 | _a9789931556022 | ||
| 040 | _cfsecg | ||
| 041 | _aara | ||
| 082 | _a338.6047 | ||
| 100 |
_aمزياني، أمين _eمؤلف |
||
| 245 | 0 |
_aمتطلبات بناء الميزة التنافسية في بناء المؤسسات الاقتصادية / _c أمين مزياني |
|
| 260 |
_aالجزائر: _bTHARAFI Edition et Distribution, _c2014 |
||
| 300 |
_a112 صفحة؛ _bإيضاحات ؛ _c24 سم |
||
| 504 | _aبيبليوغرافيا: ص ص.104-111 | ||
| 520 | _aيضم مناهج إدارة الأعمال الاستراتيجية، بناء الميزة التنافسية تعريفا ونموذجا. | ||
| 653 | _aالمؤسسات الإنتاجية | ||
| 653 | _aالمنافسة | ||
| 942 | _cكتاب | ||
| 999 |
_c46343 _d46343 |
||